| 000 | 00597nam a22002177a 4500 | ||
|---|---|---|---|
| 005 | 20220920122842.0 | ||
| 008 | 220920b ||||| |||| 00| 0 eng d | ||
| 020 | _a9789391527310 | ||
| 040 |
_aIN-DiNC _cIN-DiNC |
||
| 041 | _dasm | ||
| 082 |
_a306.6 _bBOR |
||
| 100 |
_aBora, Rajen _eauthor |
||
| 245 |
_aDharma aru samaj/ _cby Rajen Borah, Akhil Borah and Pankaj Boruah |
||
| 250 | _a2nd rev. ed. | ||
| 260 |
_aJorhat: _bBidya bhawan, _c2022 |
||
| 300 | _a160p. | ||
| 650 | _aReligion and society | ||
| 700 |
_aBorah, Akhil _eauthor |
||
| 700 |
_aBoruah, Pankaj _eauthor |
||
| 942 |
_2ddc _cBK |
||
| 999 |
_c11382 _d11382 |
||